书目信息 |
| 题名: |
大学课程概论
|
|
| 作者: | 季诚钧 著 | |
| 分册: | ||
| 出版信息: | 上海 上海教育出版社 2007.08 |
|
| 页数: | 196页 | |
| 开本: | 24cm | |
| 丛书名: | ||
| 单 册: | ||
| 中图分类: | G642.3 | |
| 科图分类: | ||
| 主题词: | 高等学校--gao deng xue xiao--课程--教学研究 | |
| 电子资源: | ||
| ISBN: | 978-7-5444-1103-5 | |
| 000 | 00854nam0 2200241 450 | |
| 001 | 012008635378 | |
| 005 | 20080512114031.56 | |
| 010 | @a978-7-5444-1103-5@dCNY28.00 | |
| 100 | @a20080510d2007 em y0chiy0120 ea | |
| 101 | 0 | @achi |
| 102 | @aCN@b310000 | |
| 105 | @ay a 000yy | |
| 106 | @ar | |
| 200 | 1 | @a大学课程概论@Ada xue ke cheng gai lun@f季诚钧著@Fji cheng jun zhu |
| 210 | @a上海@c上海教育出版社@d2007.08 | |
| 215 | @a196页@d24cm | |
| 320 | @a有书目 (第192-194页) | |
| 330 | @a全书共分七章:第一章介绍了大学课程的含义、范畴与流派;第二章对大学教学计划与教材的设计进行较为具体的分析;第三章剖析了我国课程设置与问题及国外大学课程设置发展趋势等。 | |
| 606 | 0 | @a高等学校@Agao deng xue xiao@x课程@x教学研究 |
| 690 | @aG642.3@v4 | |
| 701 | 0 | @a季诚钧@Aji cheng jun@4著 |
| 801 | 0 | @aCN@bQSSK@c20080512 |
| 905 | @b709971-73@dG642.3@eJ169@f3 | |
| 大学课程概论/季诚钧著.-上海:上海教育出版社,2007.08 |
| 196页;24cm |
| ISBN 978-7-5444-1103-5:CNY28.00 |
| 全书共分七章:第一章介绍了大学课程的含义、范畴与流派;第二章对大学教学计划与教材的设计进行较为具体的分析;第三章剖析了我国课程设置与问题及国外大学课程设置发展趋势等。 |
| ● |
| 相关链接 |
|
|
|
正题名:大学课程概论
索取号:G642.3/J169
 
预约/预借
| 序号 | 登录号 | 条形码 | 馆藏地/架位号 | 状态 | 备注 |
| 1 | 709971 | 207099717 | 社科库409/409社科库 11排1列2层/ [索取号:G642.3/J169] | 在馆 | |
| 2 | 709972 | 207099726 | 社科库409/409社科库 11排1列2层/ [索取号:G642.3/J169] | 在馆 | |
| 3 | 709973 | 207099735 | 社科库409/409社科库 11排1列2层/ [索取号:G642.3/J169] | 在馆 |